000 00669nam a2200253Ia 4500
001 41039
005 20240114003403.0
007 ta
008 080204s1969 g b000 u 465 u
040 _aCotton College,Assam
041 _a465
082 _a512
_bVa 442 Mo
100 _aVasishtha, A..R.
245 0 _aKrishna`s Modern Algebra /
_cA..R Vasishtha & A.K.Vasistha.
_hTextual Documents
250 _aIsted /
260 _aMeerut :
_bKrishna Prakashan Media (P) Ltd ,
_c1969.
300 _a295p ;
_c23cm.
653 _aAlgebra
653 _aG-Math
700 _aVasistha, A.K. .
942 _2ddc
_cBK
999 _c41009
_d41009